|
|
|
|
| LEADER |
00000nam0a2200000 4500 |
| 001 |
104442 |
| 005 |
20231031114015.0 |
| 010 |
|
|
|a 5365003047
|
| 035 |
|
|
|a (RuTPU)RU\TPU\book\112602
|
| 035 |
|
|
|a RU\TPU\book\45570
|
| 090 |
|
|
|a 104442
|
| 100 |
|
|
|a 20061102d2006 m y0rusy50 ca
|
| 101 |
0 |
|
|a rus
|
| 102 |
|
|
|a RU
|
| 105 |
|
|
|a a j 001zy
|
| 200 |
1 |
|
|a Бухгалтерский управленческий учет
|e учебник
|f М. А. Вахрушина
|
| 205 |
|
|
|a 5-е изд. стер.
|
| 210 |
|
|
|a Москва
|c Омега-Л
|d 2006
|
| 215 |
|
|
|a 576 с.
|c ил.
|
| 225 |
1 |
|
|a Высшее финансовое образование
|
| 320 |
|
|
|a Библиогр.: с. 491-494.
|
| 333 |
|
|
|a Исключено из фонда НТБ ТПУ
|
| 700 |
|
1 |
|a Вахрушина
|b М. А.
|g Мария Арамовна
|
| 801 |
|
1 |
|a RU
|b 63413507
|c 20021031
|g PSBO
|
| 801 |
|
2 |
|a RU
|b 63413507
|c 20210224
|g PSBO
|
| 942 |
|
|
|c BK
|